[Event "24th PKWN Festival it"]
[Site "Naleczow POL"]
[Date "1988.07.??"]
[Round "7"]
[White "Pandavos, Emanouel"]
[Black "Schoen, Wolfram"]
[Result "0-1"]
[WhiteElo "2410"]
[BlackElo "2430"]
[EventDate "1988.07.15"]
[PlyCount "120"]

1.e4 e6 2.Nf3 d5 3.Nc3 d4 4.Ne2 c5 5.c3 Nc6 6.cxd4 cxd4 7.Qa4 Bc5 8.b4 
Bxb4 9.Nexd4 Qa5 10.Bb5 Bd7 11.Rb1 Qxa4 12.Bxa4 Nxd4 13.Rxb4 Nxf3+ 14.gxf3
Bxa4 15.Rxa4 Ne7 16.Ba3 Nc6 17.Ke2 O-O-O 18.Rc1 Kb8 19.Bb2 f6 20.Rac4 Rd7 
21.Bc3 Rhd8 22.Rb1 Nd4+ 23.Bxd4 Rxd4 24.Rxd4 Rxd4 25.Rb3 Kc7 26.a3 e5 27.
Ke3 g5 28.d3 a6 29.Rc3+ Kd7 30.Kd2 Rd6 31.Rb3 Kc7 32.Rb1 Rb6 33.Ra1 Rb2+ 
34.Ke3 b5 35.h4 h6 36.hxg5 hxg5 37.Rh1 Kd6 38.Rh8 Ra2 39.Rb8 Rxa3 40.Rb6+ 
Ke7 41.Kd2 Ra2+ 42.Kc3 Ra3+ 43.Kd2 Kf7 44.Ke3 Ra4 45.Rb7+ Kg6 46.Rb6 Kg7 
47.Rb7+ Kh6 48.Rb6 Kg6 49.Ke2 Kf7 50.Rb7+ Ke6 51.Rb6+ Ke7 52.Rb7+ Kd6 53.
Rb6+ Kc5 54.Rxf6 Ra2+ 55.Ke3 b4 56.Rf8 b3 57.Rc8+ Kb4 58.d4 b2 59.Rb8+ Kc4
60.Rc8+ Kb3 0-1

[Event "24th PKWN Festival it"]
[Site "Naleczow POL"]
[Date "1988.07.??"]
[Round "7"]
[White "Paunovic, Tomislav"]
[Black "Tomaszewski, Roman"]
[Result "1-0"]
[WhiteElo "2420"]
[BlackElo "2360"]
[EventDate "1988.07.15"]
[PlyCount "77"]

1.d4 Nf6 2.c4 c5 3.d5 e5 4.Nc3 d6 5.e4 Be7 6.g3 O-O 7.Bg2 Nbd7 8.Nge2 Ne8 
9.O-O g6 10.Bh6 Ng7 11.Qd2 Nf6 12.h3 Kh8 13.Be3 Ng8 14.f4 Bf6 15.Rab1 b6 
16.b4 Bd7 17.bxc5 bxc5 18.Nb5 Bc8 19.Rb3 a6 20.Nbc3 Bd7 21.Rfb1 Re8 22.Rb7
Ne7 23.Nd1 Nc8 24.Nf2 Be7 25.Nd3 f6 26.Kh2 Rf8 27.Ng1 Na7 28.Nxc5 dxc5 29.
d6 Bxd6 30.Qxd6 Bc6 31.Qxd8 Rfxd8 32.Rf7 Kg8 33.Re7 exf4 34.gxf4 Ne8 35.
Bxc5 Nc8 36.Re6 Bd7 37.Rd1 Bxe6 38.Rxd8 Nb6 39.Bxb6 1-0

[Event "24th PKWN Festival it"]
[Site "Naleczow POL"]
[Date "1988.07.??"]
[Round "7"]
[White "Petkevics, Juzefs"]
[Black "Hawelko, Marek"]
[Result "1/2-1/2"]
[WhiteElo "2465"]
[BlackElo "2410"]
[EventDate "1988.07.15"]
[PlyCount "82"]

1.e4 e5 2.Nc3 Nf6 3.g3 d5 4.exd5 Nxd5 5.Bg2 Nxc3 6.bxc3 Bd6 7.d3 O-O 8.Nf3
c6 9.O-O Bg4 10.h3 Bh5 11.Rb1 Nd7 12.g4 Bg6 13.Be3 Qc7 14.Nh4 Nc5 15.Nf5 
Bxf5 16.gxf5 Nd7 17.Kh1 Bc5 18.Bd2 Nf6 19.f4 Bd6 20.fxe5 Bxe5 21.d4 Bd6 
22.Bg5 Be7 23.Bf4 Qd7 24.c4 Rad8 25.c3 b6 26.Be5 c5 27.a4 Qc8 28.Qd3 Nd7 
29.Bd5 Bf6 30.Qg3 Nxe5 31.dxe5 Qc7 32.Rbe1 Rde8 33.Re4 Bxe5 34.Qe3 Re7 35.
f6 Bxf6 36.Rxf6 Rxe4 37.Bxe4 gxf6 38.Qh6 Re8 39.Bxh7+ Kh8 40.Bf5+ Kg8 41.
Bh7+ Kh8 1/2-1/2

[Event "24th PKWN Festival it"]
[Site "Naleczow POL"]
[Date "1988.07.??"]
[Round "8"]
[White "Gdanski, Jacek"]
[Black "Szymczak, Zbigniew"]
[Result "1/2-1/2"]
[WhiteElo "2395"]
[BlackElo "2340"]
[EventDate "1988.07.15"]
[PlyCount "27"]

1.Nf3 Nf6 2.d4 e6 3.Bg5 Be7 4.c4 O-O 5.Nc3 d5 6.e3 Nbd7 7.Qc2 c5 8.cxd5 
Nxd5 9.Bxe7 Qxe7 10.Nxd5 exd5 11.Bd3 g6 12.O-O b6 13.Bb5 Nf6 14.Ne5 
1/2-1/2

[Event "24th PKWN Festival it"]
[Site "Naleczow POL"]
[Date "1988.07.??"]
[Round "8"]
[White "Hawelko, Marek"]
[Black "Barbulescu, Dan"]
[Result "1-0"]
[WhiteElo "2410"]
[BlackElo "2445"]
[EventDate "1988.07.15"]
[PlyCount "79"]

1.e4 e6 2.d4 d5 3.Nd2 Nf6 4.e5 Nfd7 5.c3 c5 6.f4 Nc6 7.Ndf3 cxd4 8.cxd4 
Qb6 9.g3 Bb4+ 10.Kf2 g5 11.h3 f6 12.Be3 O-O 13.Rc1 Rf7 14.Rh2 Kh8 15.Kg2 
gxf4 16.gxf4 fxe5 17.fxe5 Ndxe5 18.Kh1 Bd7 19.Rxc6 Nxc6 20.Ng5 Rg7 21.Bd3 
Be8 22.Nxh7 Qd8 23.Rg2 Rxg2 24.Kxg2 e5 25.dxe5 d4 26.Bg5 Qd5+ 27.Nf3 Be7 
28.Bxe7 Nxe7 29.Nf6 Qf7 30.Ng5 Qg7 31.Qg4 Ng8 32.Nxe8 Nh6 33.Qh5 Qf8 34.
Qxh6+ Qxh6 35.Nf7+ Kg8 36.Nxh6+ Kf8 37.Nd6 Ke7 38.Kf3 Rh8 39.Ndf5+ Kd7 40.
Ke4 1-0

[Event "24th PKWN Festival it"]
[Site "Naleczow POL"]
[Date "1988.07.??"]
[Round "8"]
[White "Paunovic, Tomislav"]
[Black "Palkovi, Jozsef"]
[Result "1/2-1/2"]
[WhiteElo "2420"]
[BlackElo "2425"]
[EventDate "1988.07.15"]
[PlyCount "25"]

1.e4 e5 2.Nf3 Nc6 3.Bb5 a6 4.Ba4 Nf6 5.O-O Nxe4 6.d4 b5 7.Bb3 d5 8.dxe5 
Be6 9.c3 Be7 10.Nbd2 O-O 11.Bc2 f5 12.Nb3 Qd7 13.Nbd4 1/2-1/2

[Event "24th PKWN Festival it"]
[Site "Naleczow POL"]
[Date "1988.07.??"]
[Round "8"]
[White "Przewoznik, Jan"]
[Black "Pandavos, Emanouel"]
[Result "1-0"]
[WhiteElo "2370"]
[BlackElo "2410"]
[EventDate "1988.07.15"]
[PlyCount "107"]

1.e4 e5 2.Nf3 Nc6 3.Bb5 Nd4 4.Nxd4 exd4 5.O-O Bc5 6.Bc4 d6 7.d3 c6 8.Qh5 
Qe7 9.Bg5 Nf6 10.Qh4 h6 11.Nd2 Rg8 12.Bxf6 Qxf6 13.Qxf6 gxf6 14.f4 f5 15.
Rae1 Kf8 16.Re2 Bd7 17.e5 Re8 18.Nf3 Rg6 19.Kh1 Bb6 20.Bb3 d5 21.c3 dxc3 
22.bxc3 Ba5 23.Rc1 Bd8 24.d4 Rg4 25.g3 h5 26.Kg2 h4 27.Bc2 Kg7 28.e6 hxg3 
29.hxg3 Rg6 30.Bxf5 Rf6 31.Bd3 Bxe6 32.f5 Bd7 33.Rxe8 Bxe8 34.g4 Rh6 35.
Rb1 b5 36.Re1 Kf8 37.g5 Rh5 38.f6 a6 39.Re3 Bd7 40.Kg3 Rh3+ 41.Kf4 Bc7+ 
42.Ne5 Rxe3 43.Kxe3 Be8 44.Bf5 Ba5 45.Kd3 Bc7 46.Bc8 a5 47.Bb7 b4 48.cxb4 
axb4 49.Ke3 c5 50.Bxd5 cxd4+ 51.Kxd4 Bb6+ 52.Ke4 Bc7 53.g6 fxg6 54.f7 1-0

[Event "24th PKWN Festival it"]
[Site "Naleczow POL"]
[Date "1988.07.??"]
[Round "8"]
[White "Schoen, Wolfram"]
[Black "Petkevics, Juzefs"]
[Result "1-0"]
[WhiteElo "2430"]
[BlackElo "2465"]
[EventDate "1988.07.15"]
[PlyCount "156"]

1.e4 c5 2.Nc3 Nc6 3.g3 d6 4.Bg2 g6 5.d3 Bg7 6.f4 e6 7.Nf3 Nge7 8.O-O Rb8 
9.Be3 Nd4 10.Qd2 b5 11.e5 Nef5 12.Bf2 O-O 13.Ne4 Bb7 14.c3 Nxf3+ 15.Bxf3 
dxe5 16.Bxc5 Bxe4 17.Bxe4 Nd6 18.Qf2 a5 19.fxe5 Bxe5 20.Bg2 Qd7 21.d4 Bg7 
22.Qf4 Rbd8 23.Bb6 Ra8 24.Bxa8 Rxa8 25.Bc5 Ne8 26.Rf3 Rc8 27.Re1 a4 28.Bb4
Nf6 29.Ref1 Rc7 30.Qd6 Ne4 31.Qxd7 Rxd7 32.Re1 Nf6 33.Kg2 h5 34.Bc5 Rc7 
35.b3 Nd7 36.bxa4 Nxc5 37.dxc5 bxa4 38.Re4 a3 39.Ra4 Bf8 40.Rxa3 Bxc5 41.
Rb3 Ra7 42.Rb2 Ra3 43.Rd3 e5 44.Rd5 Rxc3 45.Rxe5 Bd4 46.Re8+ Kg7 47.Rd2 
Bf6 48.a4 Ra3 49.Ra8 h4 50.gxh4 Bxh4 51.Ra7 Kh6 52.Rxf7 Rxa4 53.Rfd7 Bf6 
54.Re2 Bg5 55.Rf2 Rg4+ 56.Kh3 Ra4 57.Rc2 Ra3+ 58.Kg2 Bf4 59.Rd4 Be5 60.Re4
Ra5 61.Rce2 Bf6 62.R2e3 Ra2+ 63.Kg3 Rc2 64.Rd3 Rc5 65.h3 Ra5 66.Kf3 Rh5 
67.Kg2 Rc5 68.Re6 Bh4 69.Rd4 Kh5 70.Kf3 Rc3+ 71.Re3 Rc5 72.Red3 Bg5 73.Rd5
Rc4 74.Kg3 Kh6 75.Rd7 Bf4+ 76.Kf3 Be5 77.Rf7 Rc1 78.Ke4 Bg7 1-0

[Event "24th PKWN Festival it"]
[Site "Naleczow POL"]
[Date "1988.07.??"]
[Round "9"]
[White "Barbulescu, Dan"]
[Black "Schoen, Wolfram"]
[Result "1/2-1/2"]
[WhiteElo "2445"]
[BlackElo "2430"]
[EventDate "1988.07.15"]
[PlyCount "23"]

1.e4 e6 2.d4 d5 3.Nd2 Nf6 4.e5 Nfd7 5.Bd3 c5 6.c3 Nc6 7.Ne2 cxd4 8.cxd4 f6
9.exf6 Nxf6 10.Nf3 Bd6 11.O-O O-O 12.Bf4 1/2-1/2

[Event "24th PKWN Festival it"]
[Site "Naleczow POL"]
[Date "1988.07.??"]
[Round "9"]
[White "Palkovi, Jozsef"]
[Black "Tomaszewski, Roman"]
[Result "1-0"]
[WhiteElo "2425"]
[BlackElo "2360"]
[EventDate "1988.07.15"]
[PlyCount "76"]

1.e4 e5 2.Bc4 Nf6 3.d3 c6 4.Bb3 d5 5.Nf3 Bd6 6.exd5 cxd5 7.Bg5 Be6 8.Nc3 
d4 9.Bxe6 dxc3 10.Bc4 cxb2 11.Rb1 Nbd7 12.Rxb2 Qc7 13.O-O O-O 14.Re1 Rfe8 
15.h3 a6 16.a4 h6 17.Bh4 Rab8 18.Nd2 Bc5 19.Qf3 Bd4 20.Rbb1 Rf8 21.Ne4 
Nxe4 22.Rxe4 Kh8 23.Be7 Nc5 24.Bxf8 Nxe4 25.Bxg7+ Kxg7 26.Qxe4 b5 27.axb5 
axb5 28.Bb3 Rb6 29.Rf1 Rf6 30.g3 Qc3 31.Qe2 Qc6 32.h4 Rf3 33.Kh2 Rf6 34.f3
Rg6 35.f4 exf4 36.Rxf4 Bf6 37.c4 Qc7 38.cxb5 Be5 1-0

[Event "24th PKWN Festival it"]
[Site "Naleczow POL"]
[Date "1988.07.??"]
[Round "9"]
[White "Pandavos, Emanouel"]
[Black "Gdanski, Jacek"]
[Result "0-1"]
[WhiteElo "2410"]
[BlackElo "2395"]
[EventDate "1988.07.15"]
[PlyCount "64"]

1.e4 e6 2.d4 d5 3.Nd2 Nf6 4.e5 Nfd7 5.Bd3 c5 6.c3 Nc6 7.Ne2 cxd4 8.cxd4 f6
9.exf6 Nxf6 10.Nf3 Bd6 11.O-O Qc7 12.g3 O-O 13.Bf4 Bxf4 14.Nxf4 Qb6 15.Qd2
g6 16.Bb1 Bd7 17.Re1 Rae8 18.a3 Bc8 19.b4 Re7 20.h4 Nh5 21.Nxh5 Rxf3 22.
Nf4 Nxd4 23.Re3 Rf7 24.Kg2 Bd7 25.Rxf3 Nxf3 26.Kxf3 e5 27.Qe3 Qf6 28.Ra2 
exf4 29.gxf4 d4 30.Qd2 Qxh4 31.Qxd4 Qh1+ 32.Ke3 Qxb1 0-1

[Event "24th PKWN Festival it"]
[Site "Naleczow POL"]
[Date "1988.07.??"]
[Round "9"]
[White "Petkevics, Juzefs"]
[Black "Przewoznik, Jan"]
[Result "1-0"]
[WhiteElo "2465"]
[BlackElo "2370"]
[EventDate "1988.07.15"]
[PlyCount "123"]

1.e4 e5 2.Nf3 Nf6 3.d3 Nc6 4.Be2 d5 5.Nbd2 Bc5 6.O-O a5 7.a4 O-O 8.c3 Ba7 
9.Qc2 Qe7 10.Nb1 h6 11.Na3 Rd8 12.Nb5 Bb6 13.h3 Be6 14.Nh2 Rd7 15.Re1 Qc5 
16.Rf1 Rad8 17.Na3 d4 18.Nf3 Qe7 19.Rd1 Bc5 20.Nb5 Nh7 21.Re1 Ng5 22.Bxg5 
hxg5 23.Bf1 f6 24.Rec1 Bb6 25.Re1 Kf7 26.Qd1 Rh8 27.Nh2 dxc3 28.bxc3 Qc5 
29.Re3 Qf8 30.Rg3 Ne7 31.Rb1 Ng6 32.d4 Kg8 33.d5 c6 34.Qb3 Qc5 35.Nd4 Bf7 
36.Qxb6 Qxb6 37.Rxb6 exd4 38.dxc6 bxc6 39.Rxc6 dxc3 40.Rgxc3 Rd4 41.Rc8+ 
Kh7 42.R3c7 Rf8 43.Ra7 Rxa4 44.Rcc7 Kg8 45.Ng4 Rxe4 46.Bd3 Re1+ 47.Kh2 Nh8
48.Ne3 Ra1 49.Nf5 Rd8 50.Nd6 Rd1 51.Nxf7 R8xd3 52.Rc8+ Kh7 53.Rxh8+ Kg6 
54.g4 Rd7 55.Rxd7 Rxd7 56.Nd8 a4 57.Nc6 Rc7 58.Nd4 Rd7 59.Nb5 Rb7 60.Na3 
Rb3 61.Nc4 Rc3 62.Ne3 1-0

[Event "24th PKWN Festival it"]
[Site "Naleczow POL"]
[Date "1988.07.??"]
[Round "9"]
[White "Solozhenkin, Evgeniy"]
[Black "Paunovic, Tomislav"]
[Result "1/2-1/2"]
[WhiteElo "2400"]
[BlackElo "2420"]
[EventDate "1988.07.15"]
[PlyCount "97"]

1.e4 c5 2.Nf3 d6 3.d4 cxd4 4.Nxd4 Nf6 5.Nc3 a6 6.Be3 e5 7.Nf3 Be7 8.Bc4 
Be6 9.Bxe6 fxe6 10.Ng5 Qd7 11.Qf3 d5 12.exd5 exd5 13.O-O-O d4 14.Nce4 O-O 
15.Bd2 Nc6 16.Nxf6+ Bxf6 17.Qb3+ Kh8 18.h4 b5 19.f3 b4 20.Bxb4 Nxb4 21.
Qxb4 Rfc8 22.Qd2 Rab8 23.Qd3 g6 24.Ne4 Be7 25.f4 Qa4 26.Kb1 Rb5 27.fxe5 
Rcb8 28.b3 Ra5 29.Nd6 Qxa2+ 30.Kc1 Qa3+ 31.Kd2 Bxd6 32.exd6 Qxd6 33.Rhf1 
Re8 34.Qc4 Rc5 35.Qf7 Rec8 36.Rc1 d3 37.c3 Ra5 38.b4 Re5 39.Qf6+ Qxf6 40.
Rxf6 Rd8 41.Re1 Rh5 42.Rxa6 Rf5 43.Rae6 Rf2+ 44.Kd1 Kg7 45.Re8 Rd5 46.
R1e7+ Kh6 47.Rh8 Kh5 48.Rhxh7+ Kg4 49.Rhf7 1/2-1/2

[Event "24th PKWN Festival it"]
[Site "Naleczow POL"]
[Date "1988.07.??"]
[Round "9"]
[White "Szymczak, Zbigniew"]
[Black "Andonov, Bogomil"]
[Result "1/2-1/2"]
[WhiteElo "2340"]
[BlackElo "2415"]
[EventDate "1988.07.15"]
[PlyCount "28"]

1.d4 d5 2.c4 e6 3.Nc3 Nf6 4.Bg5 Be7 5.e3 Nbd7 6.Nf3 O-O 7.Rc1 c6 8.Bd3 
dxc4 9.Bxc4 Nd5 10.Bxe7 Qxe7 11.O-O Nxc3 12.Rxc3 e5 13.dxe5 Nxe5 14.Nxe5 
Qxe5 1/2-1/2

[Event "24th PKWN Festival it"]
[Site "Naleczow POL"]
[Date "1988.07.??"]
[Round "10"]
[White "Gdanski, Jacek"]
[Black "Petkevics, Juzefs"]
[Result "1/2-1/2"]
[WhiteElo "2395"]
[BlackElo "2465"]
[EventDate "1988.07.15"]
[PlyCount "36"]

1.e4 e5 2.Nf3 Nc6 3.Bb5 Nge7 4.O-O g6 5.c3 Bg7 6.d4 exd4 7.cxd4 d5 8.exd5 
Nxd5 9.Re1+ Be6 10.Ne5 Qd6 11.Bxc6+ bxc6 12.Nd2 Nf6 13.Ndc4 Qd5 14.Be3 O-O
15.Rc1 a5 16.b3 a4 17.bxa4 c5 18.a5 cxd4 1/2-1/2

[Event "24th PKWN Festival it"]
[Site "Naleczow POL"]
[Date "1988.07.??"]
[Round "10"]
[White "Palkovi, Jozsef"]
[Black "Solozhenkin, Evgeniy"]
[Result "0-1"]
[WhiteElo "2425"]
[BlackElo "2400"]
[EventDate "1988.07.15"]
[PlyCount "104"]

1.e4 e5 2.Nf3 Nc6 3.Bb5 a6 4.Ba4 Nf6 5.O-O Be7 6.d4 exd4 7.Re1 b5 8.e5 
Nxe5 9.Rxe5 d6 10.Re1 bxa4 11.Nxd4 Bd7 12.Qf3 O-O 13.Nc6 Bxc6 14.Qxc6 d5 
15.Bf4 Bd6 16.Bxd6 Qxd6 17.Qxa4 Rab8 18.Qd4 Rb4 19.Qd3 Ng4 20.g3 Qh6 21.h4
Qf6 22.Re2 Qxb2 23.Qc3 Qxc3 24.Nxc3 c6 25.Rb1 Rxb1+ 26.Nxb1 Rb8 27.Nd2 g6 
28.Nb3 Nf6 29.f3 Rb4 30.c3 Ra4 31.Kf2 Kf8 32.Ke1 Nd7 33.Kd1 c5 34.Rd2 c4 
35.Nc1 Ra5 36.Rb2 Ne5 37.Ke2 Ra3 38.Rc2 Nc6 39.Kf2 Ke7 40.Ne2 Kd6 41.Rd2 
Kc5 42.g4 h6 43.Kg3 g5 44.h5 Na7 45.Nd4 Nb5 46.Nf5 Nxc3 47.Rc2 d4 48.Nxh6 
d3 49.Rb2 Ne2+ 50.Rxe2 dxe2 51.Kf2 Re3 52.Ke1 c3 0-1

[Event "24th PKWN Festival it"]
[Site "Naleczow POL"]
[Date "1988.07.??"]
[Round "10"]
[White "Przewoznik, Jan"]
[Black "Barbulescu, Dan"]
[Result "1/2-1/2"]
[WhiteElo "2370"]
[BlackElo "2445"]
[EventDate "1988.07.15"]
[PlyCount "82"]

1.e4 e6 2.d4 d5 3.Nc3 Bb4 4.e5 c5 5.a3 Bxc3+ 6.bxc3 Ne7 7.Qg4 Qc7 8.Qxg7 
Rg8 9.Qxh7 cxd4 10.Ne2 Nbc6 11.f4 dxc3 12.Qd3 d4 13.Nxd4 Nxd4 14.Qxd4 Bd7 
15.Rg1 Nf5 16.Qf2 Qc6 17.Bd3 Qd5 18.Rb1 Bc6 19.Rb3 O-O-O 20.Rxc3 Kb8 21.g4
Nd4 22.Rg3 Qh1+ 23.Qf1 Nf3+ 24.Kf2 Qxh2+ 25.Qg2 Qxg2+ 26.Rxg2 Ne1 27.Rg3 
Nxd3+ 28.Rcxd3 Be4 29.Rxd8+ Rxd8 30.c3 Rd3 31.Rxd3 Bxd3 32.Kg3 Kc7 33.Kh4 
Kd7 34.Kg5 Be2 35.f5 Bd1 36.Be3 a6 37.Kf4 Bc2 38.Bd4 Bd3 39.a4 Bc2 40.a5 
Bd3 41.Bb6 Bc2 1/2-1/2

[Event "24th PKWN Festival it"]
[Site "Naleczow POL"]
[Date "1988.07.??"]
[Round "10"]
[White "Tomaszewski, Roman"]
[Black "Hawelko, Marek"]
[Result "1/2-1/2"]
[WhiteElo "2360"]
[BlackElo "2410"]
[EventDate "1988.07.15"]
[PlyCount "25"]

1.c4 c5 2.g3 g6 3.Bg2 Bg7 4.Nc3 Nc6 5.e3 e6 6.Nge2 Nge7 7.d4 cxd4 8.Nxd4 
d5 9.cxd5 Nxd4 10.exd4 Nxd5 11.Nxd5 exd5 12.O-O O-O 13.Be3 1/2-1/2

[Event "24th PKWN Festival it"]
[Site "Naleczow POL"]
[Date "1988.07.??"]
[Round "11"]
[White "Barbulescu, Dan"]
[Black "Gdanski, Jacek"]
[Result "1/2-1/2"]
[WhiteElo "2445"]
[BlackElo "2395"]
[EventDate "1988.07.15"]
[PlyCount "20"]

1.e4 c5 2.c3 e6 3.d4 d5 4.exd5 exd5 5.Nf3 Nc6 6.Be2 cxd4 7.Nxd4 Bd6 8.O-O 
Nge7 9.Be3 O-O 10.Nd2 a6 1/2-1/2

[Event "24th PKWN Festival it"]
[Site "Naleczow POL"]
[Date "1988.07.??"]
[Round "11"]
[White "Hawelko, Marek"]
[Black "Schoen, Wolfram"]
[Result "1-0"]
[WhiteElo "2410"]
[BlackElo "2430"]
[EventDate "1988.07.15"]
[PlyCount "143"]

1.e4 e6 2.d4 d5 3.Nd2 Nf6 4.e5 Nfd7 5.f4 c5 6.c3 Nc6 7.Ndf3 cxd4 8.cxd4 
Qb6 9.g3 Be7 10.Bh3 f6 11.Kf1 fxe5 12.fxe5 O-O 13.Kg2 Ndxe5 14.dxe5 Nxe5 
15.Qe2 Nc4 16.b3 Bf6 17.Rb1 Bd7 18.Bg4 Rad8 19.Nh3 h5 20.Bxh5 e5 21.Bg6 
Qe6 22.Nf2 Nd6 23.Nd4 exd4 24.Qh5 Rf7 25.Ba3 Bg5 26.Qh7+ Kf8 27.Bxf7 Kxf7 
28.Qh5+ Qg6 29.Qxg6+ Kxg6 30.Bxd6 Bf5 31.Bf4 Bxf4 32.gxf4 Bxb1 33.Rxb1 Kf5
34.Rd1 Kxf4 35.Rxd4+ Ke5 36.Rd2 d4 37.Kf3 Rf8+ 38.Ke2 Rh8 39.Kd3 Kd5 40.
Ne4 Rh3+ 41.Ng3 g6 42.Re2 a5 43.a3 b5 44.a4 bxa4 45.bxa4 Rh8 46.Rb2 Rh4 
47.Rb5+ Kc6 48.Rb2 Kd5 49.Rb5+ Kc6 50.Nf1 Rh3+ 51.Kxd4 Rh4+ 52.Kc3 Rxa4 
53.Rg5 Ra3+ 54.Kd4 Rf3 55.Rxg6+ Kb5 56.Ne3 a4 57.Rg5+ Kb4 58.Nd5+ Kb5 59.
Nc3+ Kc6 60.Rg6+ Kd7 61.Rg2 Rf4+ 62.Ke5 Rc4 63.Nd5 Kc6 64.Rc2 Rxc2 65.Nb4+
Kc5 66.Nxc2 Kc4 67.Ke4 Kc3 68.Na3 Kb3 69.Nb5 Kb4 70.h4 Kxb5 71.Kd3 Kb4 72.
Kc2 1-0

[Event "24th PKWN Festival it"]
[Site "Naleczow POL"]
[Date "1988.07.??"]
[Round "11"]
[White "Solozhenkin, Evgeniy"]
[Black "Tomaszewski, Roman"]
[Result "0-1"]
[WhiteElo "2400"]
[BlackElo "2360"]
[EventDate "1988.07.15"]
[PlyCount "120"]

1.e4 c6 2.d4 d5 3.Nd2 dxe4 4.Nxe4 Nd7 5.Bc4 Ngf6 6.Nxf6+ Nxf6 7.c3 Qc7 8.
Bg5 Bg4 9.Nf3 e6 10.h3 Bxf3 11.Qxf3 Be7 12.O-O O-O 13.Rad1 Rfd8 14.Rfe1 
Rd7 15.a3 Re8 16.Ba2 b6 17.Bb1 Red8 18.Qe2 c5 19.dxc5 Rxd1 20.Rxd1 Rxd1+ 
21.Qxd1 Qxc5 22.Be3 Qc7 23.Qd3 g6 24.Bd4 Nd5 25.Qe4 Bf6 26.Bxf6 Nxf6 27.
Qd4 e5 28.Qd2 Kg7 29.Bc2 h5 30.Bd1 Ne4 31.Qd3 Nc5 32.Qd5 Ne6 33.h4 Nf4 34.
Qd2 Ne6 35.Be2 Nc5 36.Bb5 Ne4 37.Qd5 Nf6 38.Qc6 Qd8 39.Qb7 Qd1+ 40.Bf1 Qd2
41.Qxa7 Qxb2 42.Bc4 Qb1+ 43.Bf1 Ng4 44.Qb7 Qb2 45.Qf3 Qxa3 46.g3 Qc5 47.
Kg2 e4 48.Qe2 e3 49.f3 Ne5 50.Qe1 b5 51.Qe2 Qxc3 52.Qxb5 Nc6 53.Kh3 Qf6 
54.Qe2 Qe6+ 55.Kg2 Nd4 56.Qd3 Qa2+ 57.Kh3 Nxf3 58.Bg2 Qxg2+ 59.Kxg2 Ne1+ 
60.Kf1 Nxd3 0-1

[Event "24th PKWN Festival it"]
[Site "Naleczow POL"]
[Date "1988.07.??"]
[Round "11"]
[White "Szymczak, Zbigniew"]
[Black "Palkovi, Jozsef"]
[Result "0-1"]
[WhiteElo "2340"]
[BlackElo "2425"]
[EventDate "1988.07.15"]
[PlyCount "82"]

1.d4 Nf6 2.c4 e6 3.Nf3 c5 4.d5 exd5 5.cxd5 d6 6.Nc3 g6 7.Bf4 a6 8.a4 Bg7 
9.e4 Bg4 10.Be2 Bxf3 11.Bxf3 Qe7 12.O-O Nbd7 13.Re1 O-O 14.Qd2 Rab8 15.Be2
Rfc8 16.a5 c4 17.Ra4 Nc5 18.Rxc4 Nfd7 19.Qc2 b5 20.axb6 Nxb6 21.Rb4 a5 22.
Rb5 a4 23.Be3 Nbd7 24.Rxb8 Rxb8 25.Bf1 Rb4 26.f3 Be5 27.Bf2 Qf6 28.Rd1 h5 
29.Kh1 h4 30.Be2 Qg5 31.Ra1 Nb6 32.Nd1 Nb3 33.Ra3 Nd4 34.Qd3 Nxe2 35.Qxe2 
Nc4 36.Be1 Rxb2 37.Nxb2 Nxa3 38.Nxa4 Qc1 39.Kg1 Nc2 40.Kf1 Nxe1 41.Qxe1 
Qc4+ 0-1

[Event "24th PKWN Festival it"]
[Site "Naleczow POL"]
[Date "1988.07.??"]
[Round "12"]
[White "Paunovic, Tomislav"]
[Black "Petkevics, Juzefs"]
[Result "1/2-1/2"]
[WhiteElo "2420"]
[BlackElo "2465"]
[EventDate "1988.07.15"]
[PlyCount "33"]

1.d4 Nf6 2.c4 g6 3.Nc3 c5 4.d5 Bg7 5.e4 d6 6.f4 O-O 7.Nf3 e6 8.Be2 exd5 9.
cxd5 Re8 10.e5 dxe5 11.fxe5 Ng4 12.Bg5 f6 13.exf6 Bxf6 14.Qd2 Bf5 15.Bf4 
Nd7 16.h3 Nge5 17.Nxe5 1/2-1/2

[Event "24th PKWN Festival it"]
[Site "Naleczow POL"]
[Date "1988.07.??"]
[Round "12"]
[White "Tomaszewski, Roman"]
[Black "Schoen, Wolfram"]
[Result "1/2-1/2"]
[WhiteElo "2360"]
[BlackElo "2430"]
[EventDate "1988.07.15"]
[PlyCount "166"]

1.d4 Nf6 2.c4 c5 3.Nf3 cxd4 4.Nxd4 e5 5.Nb5 d5 6.cxd5 Bc5 7.N5c3 O-O 8.h3 
e4 9.g4 Qe7 10.Bg2 h6 11.Nd2 Bxf2+ 12.Kxf2 e3+ 13.Kg1 exd2 14.Qxd2 Rd8 15.
Qe3 Qb4 16.Qf4 Qb6+ 17.Qf2 Qb4 18.e3 Qb3 19.e4 Nbd7 20.g5 hxg5 21.Bxg5 Re8
22.Kh2 a5 23.Bf3 Ra6 24.Rhg1 Ne5 25.Bd1 Qb6 26.Be3 Qd8 27.Qg3 Ng6 28.Bf3 
Nd7 29.Be2 Rf6 30.Bg5 Qb6 31.Bxf6 Nxf6 32.Rab1 Nxe4 33.Nxe4 Rxe4 34.Bf3 
Rh4 35.Bg2 Qf6 36.Rgf1 Nf4 37.Rbe1 Kh7 38.Re4 g5 39.Rf3 Qh6 40.d6 Qxd6 41.
Qxg5 Nxh3+ 42.Qe5 Qxe5+ 43.Rxe5 Ng5+ 44.Kg3 Rg4+ 45.Kf2 Nxf3 46.Bxf3 Rc4 
47.Rb5 Rc7 48.Ke3 Kg6 49.Rxa5 f5 50.Rb5 Kg5 51.a4 Re7+ 52.Kf2 Rc7 53.a5 
Kf4 54.Bd5 Rc2+ 55.Ke1 Rc7 56.Kf2 Rc2+ 57.Kf1 Rc7 58.Ke2 Kg4 59.b4 Re7+ 
60.Kf2 Rc7 61.Rb6 Kf4 62.b5 Ke5 63.Bf3 Rc2+ 64.Ke1 Ra2 65.a6 bxa6 66.Rb8 
axb5 67.Rxc8 Kd4 68.Bd1 Rh2 69.Bc2 f4 70.Rd8+ Kc3 71.Be4 b4 72.Rd3+ Kc4 
73.Rf3 b3 74.Rxf4 b2 75.Bb1+ Kb3 76.Rf3+ Kb4 77.Kd1 Rg2 78.Rf8 Kc3 79.Rc8+
Kb3 80.Rb8+ Kc3 81.Be4 Rd2+ 82.Ke1 Rh2 83.Rb7 Kd4 1/2-1/2

[Event "24th PKWN Festival it"]
[Site "Naleczow POL"]
[Date "1988.07.??"]
[Round "13"]
[White "Barbulescu, Dan"]
[Black "Paunovic, Tomislav"]
[Result "1/2-1/2"]
[WhiteElo "2445"]
[BlackElo "2420"]
[EventDate "1988.07.15"]
[PlyCount "121"]

1.e4 c5 2.Nf3 d6 3.d4 cxd4 4.Nxd4 Nf6 5.Nc3 a6 6.Be2 e5 7.Nb3 Be7 8.O-O 
Be6 9.Be3 Nbd7 10.a4 Rc8 11.a5 O-O 12.Qd2 Re8 13.Rfd1 h6 14.Nc1 Bf8 15.Bf3
Qc7 16.h3 b5 17.axb6 Nxb6 18.Bxb6 Qxb6 19.b3 Qc5 20.N1e2 d5 21.exd5 Bf5 
22.Ng3 Bxc2 23.Qxc2 Qxc3 24.Qf5 a5 25.d6 Bxd6 26.Ne4 Nxe4 27.Bxe4 g6 28.
Qd7 Rcd8 29.Qc6 Bb4 30.Qxc3 Bxc3 31.Rxd8 Rxd8 32.Rc1 Bd4 33.g4 Rd7 34.Kf1 
Kg7 35.Rc6 Bb2 36.Ke2 Ba3 37.h4 Bb4 38.Rc2 Rd4 39.f3 h5 40.gxh5 gxh5 41.
Rc7 Rd2+ 42.Ke3 Rd6 43.Kf2 Rd8 44.Bf5 Kf6 45.Rd7 Bc5+ 46.Ke2 Rg8 47.Be4 
Rg2+ 48.Kd3 Rh2 49.Bd5 Be7 50.Ra7 Rxh4 51.Rxa5 Rd4+ 52.Ke2 h4 53.Kf2 Rd2+ 
54.Kg1 h3 55.Be4 Bf8 56.f4 Bd6 57.Rd5 Rd4 58.fxe5+ Bxe5 59.Rxd4 Bxd4+ 60.
Kh2 Ke5 61.Bc6 1/2-1/2

[Event "24th PKWN Festival it"]
[Site "Naleczow POL"]
[Date "1988.07.??"]
[Round "13"]
[White "Hawelko, Marek"]
[Black "Gdanski, Jacek"]
[Result "1/2-1/2"]
[WhiteElo "2410"]
[BlackElo "2395"]
[EventDate "1988.07.15"]
[PlyCount "28"]

1.d4 Nf6 2.Nf3 c5 3.d5 g6 4.Nc3 Bg7 5.e4 O-O 6.a4 d6 7.Be2 Na6 8.O-O Nc7 
9.Re1 b6 10.h3 Nd7 11.Bf1 Ba6 12.Bxa6 Nxa6 13.Bf4 Nc7 14.Qd3 f6 1/2-1/2

[Event "24th PKWN Festival it"]
[Site "Naleczow POL"]
[Date "1988.07.??"]
[Round "13"]
[White "Pandavos, Emanouel"]
[Black "Solozhenkin, Evgeniy"]
[Result "1/2-1/2"]
[WhiteElo "2410"]
[BlackElo "2400"]
[EventDate "1988.07.15"]
[PlyCount "94"]

1.e4 e5 2.Nf3 Nc6 3.d4 exd4 4.Nxd4 Bc5 5.Nxc6 Qf6 6.Qd2 Qxc6 7.Bd3 Nf6 8.
O-O O-O 9.Qf4 d6 10.Qh4 Be6 11.Nc3 Ng4 12.Nd5 Rfe8 13.h3 Ne5 14.Ne7+ Rxe7 
15.Qxe7 Bxh3 16.Qh4 Be6 17.Kh1 Rf8 18.Qg3 Ng4 19.f3 Ne5 20.f4 Nxd3 21.cxd3
f5 22.Be3 fxe4 23.dxe4 Qxe4 24.Bxc5 dxc5 25.Rae1 Qc6 26.a3 Rf6 27.Re5 h6 
28.Qf3 Qb5 29.Rfe1 Bf7 30.b4 b6 31.Rc1 Qa4 32.bxc5 Rxf4 33.Qe3 Rf6 34.Kg1 
Rg6 35.cxb6 cxb6 36.Rf1 Qc6 37.Qf3 Qc7 38.Rf5 Be6 39.Rf8+ Kh7 40.Qa8 Qc5+ 
41.R1f2 Qc1+ 42.Rf1 Qe3+ 43.R1f2 Rg4 44.Qe8 Qe1+ 45.Rf1 Qe3+ 46.R1f2 Qe1+ 
47.Rf1 Qe3+ 1/2-1/2

[Event "24th PKWN Festival it"]
[Site "Naleczow POL"]
[Date "1988.07.??"]
[Round "13"]
[White "Petkevics, Juzefs"]
[Black "Palkovi, Jozsef"]
[Result "1-0"]
[WhiteElo "2465"]
[BlackElo "2425"]
[EventDate "1988.07.15"]
[PlyCount "71"]

1.d4 Nf6 2.Nf3 c5 3.d5 e6 4.c4 exd5 5.cxd5 d6 6.Nc3 g6 7.Nd2 Bg7 8.e4 O-O 
9.Be2 Na6 10.O-O Nc7 11.a4 Re8 12.f3 b6 13.Nc4 Ba6 14.Kh1 Bxc4 15.Bxc4 a6 
16.Be3 Nd7 17.Qd2 Rb8 18.Bg5 Qc8 19.Rfc1 b5 20.axb5 axb5 21.Bf1 c4 22.Be3 
Na6 23.Nxb5 Rxb5 24.Bxc4 Qb7 25.Bxb5 Qxb5 26.Ra5 Qb7 27.b4 Rc8 28.Rc6 Ndb8
29.b5 Nc5 30.Ra7 Qxa7 31.Rxc8+ Bf8 32.Qb2 Qa5 33.Bd2 Qa4 34.Rxf8+ Kxf8 35.
Qh8+ Ke7 36.Bg5+ 1-0